Normal view
MARC view
- Yahya, Harun
Entry Personal Name
001 - CONTROL NUMBER
- control field: 84221
003 - CONTROL NUMBER IDENTIFIER
- control field: NUST
005 - DATE AND TIME OF LATEST TRANSACTION
- control field: 20211116142933.0
008 - FIXED-LENGTH DATA ELEMENTS
- fixed length control field: 211116|| aca||aabn | a|a d
040 ## - CATALOGING SOURCE
- Original cataloging agency: NUST
- Transcribing agency: NUST
100 ## - HEADING--PERSONAL NAME
- Personal name: Yahya, Harun
670 ## - SOURCE DATA FOUND
- Source citation: Work cat.: (NUST): Yahya, Harun, The Miracle of the Immune System, 2008.
